00769 2200289 4500001002100000005001700021008004100038020001800079035002400097082001300121090002000134100001700154245004800171250001100219260004100230300003000271500003100301650004000332850001500372980001300387985000600400986001300406999001500419999001500434999001500449999001500464YOGYA-0209000003328820090227024748.0 ind  a979-456-108-8 0010-020900000033288 a959.8183 a959.8183bMar K aMARIA, Yulia aKebudayaan orang Menggalacoleh Yulia Maria aCet. 1 aJakartabUniversitas Indonesiac1993 av, [115] hlmbilusc23 cm aBibliografi : hlm. 101-107 aKebudayaan Menggala (Lampung Utara) aYOPDYOG(B) a26-08-06 a4 artrevAti a96P0084708 a96P0084706 a97P0096352 a97P0096353